00302nam a22000857a 4500008004100000082002100041245006600062260008000128300000800208230627b xxu||||| |||| 00| 0 eng d a338.1bMOA 1996 aEconomic Review of Agricultural Production and Marketing 1995 bDevelopment Planning Planning Division of the Ministry of Agriculturec1996 a31p